000
00245nam a2200097Ia 4500
001
703856
005
20250826162359.0
008
250824s9999 xx 000 0 und d
245
0
_a
LİMON KÜTÜPHANESİ
_c
JO COTTERİLL
260
_b
TİMAŞ YAYINLARI
999
_c
703856
_d
703856